Normal view
MARC view
Entry Uniform Title
001 - CONTROL NUMBER
- control field: 44639
003 - CONTROL NUMBER IDENTIFIER
- control field: dpl
005 - DATE AND TIME OF LATEST TRANSACTION
- control field: 20120402150532.0
008 - FIXED-LENGTH DATA ELEMENTS
- fixed length control field: 120402|||a|||||| | ||| d
040 ## - CATALOGING SOURCE
- Original cataloging agency: dpl
- Transcribing agency: dpl
130 ## - HEADING--UNIFORM TITLE
- Uniform title: Reading in history
670 ## - SOURCE DATA FOUND
- Source citation: Work cat.: (dpl)34571: II, 44634, Delhi: , 2006
670 ## - SOURCE DATA FOUND
- Source citation: Work cat.: (dpl)34571: II, 44634, Delhi: , 2006
